000 00667nam a2200169Ia 4500
003 GCL
008 140319s9999 xx 000 0 ara d
040 _aGCL /
_cGCL
082 0 4 _a182
_bح ب
100 1 _aحسام محىالدين الالوسى
245 1 0 _aبواكير الفلسفة قبل طاليس او من الميثولوجيا الى الفلسفة عند اليونان /
_cحسام محىالدين الالوسى
490 _aالهيئة العامة للاستعلامات
_v0
650 0 4 _aالفلسفة الاغريقية
650 0 4 _aالفلسفة الغربية القديمة
650 0 4 _aالفلسفة - تاريخ
942 _2ddc
_cBK
999 _c48517
_d48517